000 00624nam a22001697a 4500
003 OSt
005 20171010095459.0
008 120720t xxu||||| |||| 00| 0 eng d
040 _aMMSU
_cULS
100 _aGladys B. Ilaga
_911330
245 _aAnticholesterolemic property of bignay (Antidesma bunius (L.) Sprengel) fruit extract on cholesterol-fed white mice (Mus musculus L.)
_cGladys B. Ilaga
260 _c2008
300 _axiv, 28 leaves
_c28 cm.
500 _aThesis (BS Biology) -- Mariano Marcos State University-College of Arts & Sciences, Batac City
504 _aBibliography: leaf 20
942 _2ddc
_cTHEDIS
999 _c9645
_d9645